Pays frontaliers de la France - Mort subite - Statistiques

Statistiques générales
  • Ce quiz a été pris 8 191 fois
  • Le résultat moyen est 7 sur 11
Answers on the Grid
Answers color-coded by a green-red scale on the quiz's grid according to % correct below.
Algérie
Allemagne
Andorre
Autriche
Belgique
Brésil
Canada
Espagne
Etats-Unis
Guyana
Italie
Liechtenstein
Luxembourg
Maroc
Monaco
Pays-Bas
Pologne
Portugal
Royaume-Uni
Saint-Marin
Slovénie
Suisse
Suriname
Venezuela
 
Statistiques - réponses
Réponse % Correct
Allemagne
93%
Belgique
88%
Espagne
87%
Andorre
82%
Italie
74%
Luxembourg
69%
Suisse
69%
Monaco
65%
Brésil
59%
Suriname
29%
Pays-Bas
25%
Aucun quiz correspondant
Distribution des résultats
% des personnes avec chaque résultat
Percentile par nombre de réponses
Votre historique - résultats
Vous n’avez pas pris ce quiz